000 00881nam0a22002411 4500
001 rc\625321
005 20260407142233.0
035 _a(NLR Aleph) 005867969
090 _a5948426
_c5948426
100 _a20031121d1986 |||y0rusy50 ca
101 0 _arus
102 _aRU
105 _ay |||||||||
200 1 _aИНСТРУКТИВНЫЕ и нормативные материалы в помощь проектировщику
_fМосгипрониисельстрой
_gСост. Г.А. Максимовой и инж. Л.С. Чуренковой
210 _aМ.
_cБ. и.
_d1986
215 _a36 с.
_d20
702 1 _aМаксимова
_bГ.А.
_4220
712 0 2 _a"МосгипроНИИсельстрой", институт
_3RU\NLR\AUTH\8810011781
_9521284
801 0 _aRU
_bNLR
_gpsbo
801 1 _aRU
_bELAR
_2rusmarc
852 _aNLR
_j87-4/11322
942 _cBOOK
980 _aNB